Missing Word: '90s Rap & Hip Hop Quiz Stats

 Plays Quiz Updated Jun 25, 2017

Support Sporcle.
Go Orange.
Score 0/20 Timer 06:00
5 Plays Today
Song Title Missing Word % Correct
Ice Ice ____Baby
98%
Mo ____ Mo ProblemsMoney
91.6%
Gangsta's ____Paradise
90.9%
Protect ____ NeckYa
88.4%
____ and JuiceGin
87.3%
Hard ____ Life (Ghetto Anthem)Knock
85.5%
It Was a ____ DayGood
85.4%
Gettin' ____ wit ItJiggy
83.7%
Killing Me ____Softly
79.4%
Insane in the ____Brain
78.4%
Song Title Missing Word % Correct
Big ____Poppa
77.3%
Jump ____Around
77.3%
Mama ____ Knock You OutSaid
74.8%
____ Yo SelfCheck
67.1%
Ruff ____ AnthemRyders'
64.4%
I'll Be ____ YouMissing
60.4%
Doo Wop (That ____)Thing
60.2%
1st of tha ____Month
52.8%
Whatta ____Man
51.9%
The ____ DanceHumpty
43.6%

Today's Daily Dose

You're not logged in!

Compare scores with friends on all Sporcle quizzes.
OR
Log In
Forgot?

From the Vault

TV Show by Theme Lyric II

by amb734

Here's a bunch of TV theme songs you can get stuck in your head for the rest of the day.
Remove Ads.
Support Sporcle.
Get the best of Sporcle when you Go Orange. This ad-free experience offers more features, more stats, and more fun while also helping to support Sporcle. Thank you for becoming a member.

Show Comments

Extras

Top Quizzes Today


Score Distribution

Your Account Isn't Verified!

In order to create a playlist on Sporcle, you need to verify the email address you used during registration. Go to your Sporcle Settings to finish the process.

Report this User

Report this user for behavior that violates our Community Guidelines.

Details: